Revue économique de l'OCDE Économie
Salvato in:
| Natura: | Periodico |
|---|---|
| Lingua: | francese |
| Pubblicazione: |
Paris
OCDE
|
| Soggetti: | |
| Tags: |
Nessun Tag, puoi essere il primo ad aggiungerne!!
|
MARC
| LEADER | 00000nas1a2200000 4500 | ||
|---|---|---|---|
| 001 | s124254 | ||
| 005 | 20250709101358.8 | ||
| 022 | |a 0255-0830 | ||
| 022 | |a 1684-3444 | ||
| 041 | 0 | |a fre | |
| 044 | |a FR | ||
| 245 | 1 | 0 | |a Revue économique de l'OCDE |b Économie |
| 264 | 1 | |a Paris |b OCDE | |
| 610 | 2 | 0 | |a vývoj hospodársky |
| 610 | 2 | 0 | |a OECD |